=LDR 00000nam 2200000 4500 =001 NUTBA000000000004196 =005 20140904103211.0 =006 =007 =008 =020 ##$$a979-526-010-3 =035 ##$$a 0010-091400000000229 =082 ##$$a342.795 98 =100 ##$$aJOENIARTO =245 ##$$aSEJARAH KETANGAKERJAAN =260 ##$$a JAKARTA $b BUMI AKSARA $c 2001 =850 ##$$aNBPNMAT =990 ##$$a 0001/BPAP-NTB/20142014